00778cam a22001811 450000100100000000500170001000800410002704000250006810000450009324501560013826000220029430000300031650000370034660000450038371000430042895201100047199900150058100000137420200929145546.0740214s1939 xx 000 0 spa  aDO-SdBNPbspacBNPHU2 aPerez Cabrera, Jose Manuel,d1921-9459813aEl capitan Hernando de Soto ... :bdiscurso leido ... el 30 de mayo de 1939, en conmemoracion del IV centenario del inicio de la jornada de la Florida. aLa Habana,c1939. a28 p. :billus. ;c24 cm. aAcademia de la historia de Cuba.10aSoto, Hernando de,dca. 1500-1542.945992 aAcademia de la Historia de Cuba.94600 001052728MOaGRbGRcBDd2009-09-15iLF1l0o p1374-10r2020-06-25w2020-06-25y2ZPréstamo interno c1298d1298